Statistics for Svenska till Italienska Test (steg1)

Click here to take the quiz!

General Stats

  • This quiz has been taken 53 times
    (30 since last reset)
  • The average score is 22 of 57

Answer Stats

Frågor/DomandeSvar/Riposte% Correct
1Uno
76%
3Tre
65%
8Otto
59%
4Quattro
59%
6Sei
59%
5Cinque
53%
Vad heter du?Come ti chiami?
53%
10Dieci
53%
MåndagLunedí
53%
9Nove
53%
0Zero
53%
Hur mår du?Come stai?
47%
SöndagDomenica
47%
2Due
47%
och du?e tu?
47%
Jag harIo ho
47%
TisdagMartedí
47%
OnsdagMercoledí
47%
7Sette
47%
Han/Hon ärLui/Lei é
41%
Han/hon harLui/lei ha
41%
Ja, jag är svenskSi, sono svedese
41%
20Venti
41%
18Diciotto
35%
12Dodici
35%
Var bor du?Dove abiti?
35%
Jag talar 2 språkIo parlo due lingue
35%
Att varaIo sono
35%
Dom ärLoro sono
35%
Hur gammal är du?Quanti anni hai?
35%
LördagSabato
35%
16Sedici
35%
Är du svensk?Sei svedese?
35%
13Tredici
35%
Du harTu hai
35%
11Undici
35%
Ni ärVoi siete
35%
Vilken dag är det idag?Che giorno é oggi?
29%
17Diciassette
29%
TorsdagGiovedí
29%
Jag är 16Io ho sedici anni
29%
Jag heterIo mi chiamo
29%
Jag talar svenska och engelskaIo parlo svedese e inglese
29%
Vi ärNoi siamo
29%
Vilka språk talar du?Quali lingue parli?
29%
Hur många språk talar du?Quante lingue parli?
29%
14Quattordici
29%
15Quindici
29%
Du ärTu sei
29%
FredagVenerdí
29%
Jag bor i vaxholm, sverigeAbito a vaxholm, in svezia
24%
19Diciannove
24%
Dom harLoro hanno
24%
Jag mår bra tackMolto bene grazie
24%
Vi harNoi abbiamo
24%
Det är torsdag idagOggi é giovedí
24%
Ni harVoi avete
24%

Score Distribution

Percentile by Number Answered

Percent of People with Each Score

Your Score History

You have not taken this quiz since the last reset